01885agaaa2200301 45000010005000000030009000050050017000140070009000310080040000400400023000800410013001031000047001161300026001632450209001892500022003982600123004203000034005435080224005775110092008015200359008935380016012525460013012686500056012817000059013377000061013967000067014577000059015247040IT-RoPAU20220918181245.0d cvaizq50131s9999||||xx ||| | || ||und|| aIT-RoPAUcIT-RoPAU aITALIANO aAmelio GiannigCodice regista SPICS: 33335 aLADRO DI BAMBINI (IL) aLADRO DI BAMBINI (IL)cProdotto da: Rizzoli Angelo -- Sceneggiatura: Amelio Gianni Petraglia Sandro Rulli Stefano -- Diretto da: Amelio GiannipLADRO DI BAMBINI (IL) (Rif. Codice opera principale : B7040) aEdizione Standard aPARIGI - ZURIGO (ITALIA)bARENA - VEGA / Distribuzione: RICORDI VIDEOg"1992 (1° ed.: 1992 ; Ed. Lingua Orig.: 1992)" aVHSbsonoro, col.c125 minuti a"Fotografia: Nardi T. Tafuri R.; Montaggio: Paggi Simona; Musica: Piersanti Franco; Sceneggiatura: Amelio Gianni Petraglia Sandro Rulli Stefano; Scenografia: Crisanti Andrea; Soggetto: Amelio Gianni -- Petraglia Sandro" a"Lo; Verso Enrico; Scalici Valentina; Ieracitano Giuseppe; Sarel Florence; Golovine M." aIL VIAGGIO DI ANTONIO UN CARABINIERE CALABRESE E DEI DUE BAMBINI PROTAGONISTI E' UN VAGABONDAGGIO/FUGA ATTRAVERSO L'ITALIA DALLA CIVILE MILANO AL SUDPIU' ESTREMO E DEGRADATO: UN VIAGGIO IN CUI AL DI LA' DELLE FREDDEZZE BUROCRATICHE NASCERA' UN'AMICIZIA SINCERA TRA L'ACCOMPAGNATORE E I FRATELLINI GIA' VIOLENTATI DALLE BRUTTURE DELLA VITA. FILM A COLORI. aPAL, STEREO aITALIANO aDRAMMATICOeFILMS [VHS]xCodice MATERIA SPICS: 9960 aAmelio Gianni e(regista)gCodice regista SPICS: 33335 aAmelio Gianni e(soggetto)gCodice Soggetto SPICS: 33335 aPetraglia Sandro e(soggetto)gCodice Soggetto 2° SPICS: 2658 aPiersanti Francoe(musica)gCodice Musica SPICS: 32971